| 000 | 00796 a2200193 4500 | ||
|---|---|---|---|
| 003 | CBULib | ||
| 005 | 20240129085431.0 | ||
| 008 | 240126b |||||||| |||| 00| 0 eng d | ||
| 040 |
_aCBULib _bEnglish _cCBULib _dCBUlib _erda |
||
| 050 | _aCBU-PG THESIS/CHI | ||
| 100 | _aChikambwe, Viness Milumbe | ||
| 245 |
_aAn investigation of the presence of alkaloids in holy thistle, MZ005 and fever tree plants used for malaria treatment _c/by Viness Milumbe Chikambwe |
||
| 260 |
_bCopperbelt University _aKitwe _c2022 |
||
| 300 | _a xi. 106pages : illustrations | ||
| 336 |
_2rdacontent _aText | _btxt |
||
| 337 |
_2rdamedia _aUnmediated | _bn |
||
| 338 |
_2rdacarrier _aVolume _bnc |
||
| 942 |
_2mc _c030 |
||
| 999 |
_c84223 _d84223 |
||